00625nam a2200193 i 4500001000400000100001800004245006700022250001700089260003700106300002800143490003900171650001200210830003900222020001500261040000800276041000800284008004100292856009800333bgj1 aVICTOR, Paul. 4aThe Face on the Screen and Other Short Stories /cPaul Victor. a[3rd impr.]. aHarlow, Essex :bLongman,c1982. a43 pp :bill. ;c20 cm.1 aLongman Structural Readers stage 2 9aReaders aLongman Structural Readers stage 2 a0582536766 cBPK0 aeng s uk f |000 0 eng  uhttp://koha.tu.koszalin.pl/cgi-bin/koha/opac-detail.pl?biblionumber=47538yKatalog online BPK